Project Management With Comp TIA Project+: on track from start to finish (Record no. 6375)

MARC details
000 -LEADER
fixed length control field 00634nam a22002177a 4500
003 - CONTROL NUMBER IDENTIFIER
control field OSt
005 - DATE AND TIME OF LATEST TRANSACTION
control field 20191108121828.0
008 - FIXED-LENGTH DATA ELEMENTS--GENERAL INFORMATION
fixed length control field 191108b ||||| |||| 00| 0 eng d
020 ## - INTERNATIONAL STANDARD BOOK NUMBER
International Standard Book Number 9781259860300
040 ## - CATALOGING SOURCE
Transcribing agency DDC
082 ## - DEWEY DECIMAL CLASSIFICATION NUMBER
Classification number 658.40 PHI 2017
100 ## - MAIN ENTRY--PERSONAL NAME
Personal name Phillips, Joseph
9 (RLIN) 13041
245 ## - TITLE STATEMENT
Title Project Management With Comp TIA Project+: on track from start to finish
250 ## - EDITION STATEMENT
Edition statement 4th ed.
260 ## - PUBLICATION, DISTRIBUTION, ETC. (IMPRINT)
Place of publication, distribution, etc. New York;
Name of publisher, distributor, etc. McGraw-Hill,
Date of publication, distribution, etc. 2017
300 ## - PHYSICAL DESCRIPTION
Extent xviii,557p;
Other physical details Ill:
Dimensions 23cm
Accompanying material +DVD
504 ## - BIBLIOGRAPHY, ETC. NOTE
Bibliography, etc Glossary, & index included
650 ## - SUBJECT ADDED ENTRY--TOPICAL TERM
Topical term or geographic name as entry element Project management
9 (RLIN) 5305
650 ## - SUBJECT ADDED ENTRY--TOPICAL TERM
Topical term or geographic name as entry element Business inteligence
9 (RLIN) 13042
942 ## - ADDED ENTRY ELEMENTS (KOHA)
Source of classification or shelving scheme Other/Generic Classification Scheme
Koha item type Open Shelf
Holdings
Withdrawn status Lost status Source of classification or shelving scheme Damaged status Not for loan Home library Current library Date acquired Source of acquisition Inventory number Total Checkouts Full call number Barcode Date last seen Koha item type
    Dewey Decimal Classification     MUST Main Library MUST Main Library 08/11/2019 Purchase 19/40718   658.40 PHI 2017 2019-0611 08/11/2019 Open Shelf
    Dewey Decimal Classification     MUST Main Library MUST Main Library 08/11/2019 Purchase 19/40719   658.40 PHI 2017 2019-0612 08/11/2019 Open Shelf
    Dewey Decimal Classification     MUST Main Library MUST Main Library 08/11/2019 Purchase 19/40720   658.40 PHI 2017 2019-0613 08/11/2019 Open Shelf
    Dewey Decimal Classification     MUST Main Library MUST Main Library 08/11/2019 Purchase 19/40721   658.40 PHI 2017 2019-0614 08/11/2019 Open Shelf
    Dewey Decimal Classification     MUST Main Library MUST Main Library 08/11/2019 Purchase 19/40722   658.40 PHI 2017 2019-0615 08/11/2019 Open Shelf